| 000 | 00433nam a2200157Ia 4500 | ||
|---|---|---|---|
| 005 | 20250403150425.0 | ||
| 008 | 231217s9999 xx 000 0 und d | ||
| 020 | _a9788131405819 | ||
| 082 | _a658.3125 RAM;1 R | ||
| 100 | _aRamani, V V. | ||
| 245 | 0 | _aPerformance management systems : cases studies | |
| 260 |
_c2006 _bICFAI Press _aHyderabad |
||
| 300 | _aviii, 193 | ||
| 650 | _aPerformance,management,studies | ||
| 942 | _cAA | ||
| 999 |
_c191074 _d191074 |
||